000 00326nam a22001217a 4500
040 _cNUST
082 _a920,HIJ
245 _aAkhri Chattan / آخری چٹان (Urdu) /
_cNaseem Hijazi
260 _aLahore
_bJahanger Books
300 _a512 p.;
650 _aUrdu Literature (Short Stories)
_94607
942 _2ddc
_cBK
_k920,HIJ
999 _c593864
_d593864